Leaders of countries that won the FIFA World Cup - Statistics

General Stats
  • This quiz has been taken 37 times
  • The average score is 6 of 32
Answer Stats
Year Answer Role % Correct
2018 Emmanuel Macron President of France
78%
1966 Elizabeth II Queen of the United Kingdom
66%
2014 Angela Merkel Chancellor of Germany
59%
1934, 1938 Benito Mussolini PM of Italy
56%
1990 Helmut Kohl Chancellor of West Germany
41%
1998 Jacques Chirac President of France
38%
2010 Juan Carlos I King of Spain
38%
1974 Helmut Schmidt Chancellor of West Germany
28%
2006 Giorgio Napolitano President of Italy
22%
1954 Konrad Adenauer Chancellor of West Germany
22%
1966 Harold Wilson PM of the United Kingdom
19%
1934, 1938 Vittorio Emanuele III King of Italy
19%
2010 José Luis Rodriguez Zapatero PM of Spain
16%
1982 Sandro Pertini President of Italy
16%
2014 Joachim Gauck Federal President of Germany
13%
2006 Romano Prodi PM of Italy
13%
1954 Theodor Heuss Federal President of West Germany
13%
1978 Jorge Rafael Videla President of Argentina
9%
1998 Lionel Jospin PM of France
9%
1974 Walter Scheel Federal President of West Germany
9%
2022 Alberto Fernández President of Argentina
6%
2018 Édouard Philippe PM of France
6%
1982 Giovanni Spadolini PM of Italy
6%
1990 Richard von Weizsäcker Federal President of West Germany
6%
1970 Emilio Garrastazu Médici President of Brazil
3%
2002 Fernando Henrique Cardoso President of Brazil
3%
1962 João Goulart President of Brazil
3%
1958 Juscelino Kubitschek President of Brazil
3%
1994 Itamar Franco President of Brazil
0%
1930 Juan Campisteguy President of Uruguay
0%
1950 Luis Battle Berres President of Uruguay
0%
1986 Raúl Alfonsín President of Argentina
0%
No matching quizzes found
Score Distribution
Percent of People with Each Score
Percentile by Number Answered
Your Score History
You have not taken this quiz